Peer Fortunato /
Guardat en:
| Autor principal: | |
|---|---|
| Altres autors: | , |
| Format: | Llibre |
| Idioma: | italià |
| Publicat: |
Milano :
Iperborea,
[2005]
|
| Col·lecció: | Iperborea ;
131 |
| Etiquetes: |
Sense etiquetes, Sigues el primer a etiquetar aquest registre!
|
MARC
| LEADER | 00000nam a22000007i 4500 | ||
|---|---|---|---|
| 001 | IT\ICCU\UBO\2704965 | ||
| 003 | ItRI | ||
| 005 | 20260115231919.0 | ||
| 008 | 050419s2005 it |||||| ||||| |||||c | ||
| 020 | |a 8870911314 | ||
| 040 | |b ita |c importazione bologna sebina | ||
| 041 | 7 | |a ita |2 ISO-639-2 | |
| 082 | |a 839.8 |9 LETTERATURA DANESE E NORVEGESE |2 21 | ||
| 100 | 1 | |a Andersen, Hans Christian, |d (1805-1875) |0 IT\ICCU\CFIV\006256 |4 aut | |
| 240 | 1 | 0 | |a Lykke-Peer. |3 IT\ICCU\UBO\2704970 |9 Andersen, Hans Christian <1805-1875> |
| 245 | 1 | 0 | |a Peer Fortunato / |c Hans Christian Andersen ; traduzione di José Maria Ferrer ; postfazione di Bruno Berni. |
| 260 | |a Milano : |b Iperborea, |c [2005] | ||
| 300 | |a 123 p. : |b ill. ; |c 20X10 cm. | ||
| 700 | 1 | |a Berni, Bruno |0 IT\ICCU\CFIV\079187 |4 aft | |
| 700 | 1 | |a Ferrer, José Maria |0 IT\ICCU\UBOV\962779 |4 trl | |
| 790 | 1 | |a Andersen, Giovanni Cristiano |3 IT\ICCU\RMLV\208351 |z Andersen, Hans Christian (1805-1875) | |
| 790 | 1 | |a Andersen, H. C. |3 IT\ICCU\CFIV\323267 |z Andersen, Hans Christian (1805-1875) | |
| 790 | 1 | |a Andersen, Hans Kristian |3 IT\ICCU\PCMV\007225 |z Andersen, Hans Christian (1805-1875) | |
| 830 | 0 | |a Iperborea ; |v 131 |0 IT\ICCU\CFI\0169909 | |
| 942 | |2 ddc |c BK |n 0 | ||
| 952 | |0 0 |1 0 |4 0 |6 DOC_839_813000000000000_AND |7 0 |9 16299 |a BO |b BO |d 2026-01-15 |i 11426 |l 0 |o DOC 839.813 AND |p BO11426 |r 2026-01-15 23:19:19 |w 2026-01-15 |x [Sebina 5] [1 v.] |y BK |z 1 v. | ||
| 999 | |c 13985 |d 13985 | ||